Anti-corruption measures in south eastern Europe civil society's involvement

Gespeichert in:
Bibliographische Detailangaben
Format: Buch
Sprache:Englisch
Veröffentlicht: Paris OECD 2002
Schlagworte:
Tags: Tag hinzufügen
Keine Tags, Fügen Sie das erste Tag hinzu!

MARC

LEADER 00000nam a2200000 4500
001 c133805
005 20221221092049.9
020 |a 92-64-19746-X 
041 0 |a eng 
044 |a FR 
245 1 0 |a Anti-corruption measures in south eastern Europe  |b civil society's involvement 
264 1 |a Paris  |b OECD  |c 2002 
300 |a 96 s. 
610 2 0 |a korupcia 
610 2 0 |a kriminalita 
610 2 0 |a spoločnosť 
610 2 0 |a práva ľudské 
610 2 0 |a občania 
610 2 0 |a médiá 
610 2 0 |a porovnanie medzinárodné 
610 2 0 |a svet 
610 2 0 |a OECD